Algebraic structures /

Guardado en:
Autor Principal: Lang, Serge, 1927-2005.
Formato: Libro
Idioma:English
Publicado: Reading, Mass. : Addison-Wesley, c1967.
Series:Addison-Wesley series in mathematics
Materias:
Etiquetas: Agregar Etiqueta
Sin Etiquetas, Sea el primero en etiquetar este registro!
LEADER 00763nam a22002055a 4500
001 MAT.inmabb003950
008 740625s1967####mau###########001#0#eng##
005 20180502180921.0
245 1 0 |a Algebraic structures /  |c Serge Lang. 
260 |a Reading, Mass. :  |b Addison-Wesley,  |c c1967. 
300 |a viii, 173 p. ;  |c 24 cm. 
490 0 |a Addison-Wesley series in mathematics 
505 0 |a 1. The integers -- 2. Groups -- 3. Rings -- 4. Polynomials -- 5. Vector spaces and modules -- 6. Field theory -- 7. The real and complex numbers -- 8. Sets. 
510 4 |a MR,  |c 35 #1419 
100 1 |a Lang, Serge,  |d 1927-2005. 
650 0 |a Algebra, Abstract. 
084 |a 00A05  |2 msc2000 
010 |a  66028457  
040 |a DLC  |c DLC  |d DLC 
859 |h 00A05A  |i L269s  |p A-2415  |b BIB. MATEMATICA